Word Ladder: Line Definers Quiz Stats

 Plays Quiz Updated Jun 2, 2018

Challenge
Share
Tweet
Embed
Score 0/18 Timer 03:00
1 Play Today
Clue 5-Letter Word % Correct
NearbyCLOSE
95.7%
Opted forCHOSE
95.3%
A required household taskCHORE
94.8%
A bit of garlicCLOVE
94.8%
Beach locationSHORE
94.6%
Emitted lightSHONE
93.3%
Supporter of a broken armSLING
92%
Country music singer PatsyCLINE
91.9%
A snack from the bakerySCONE
90.7%
Clue 5-Letter Word % Correct
Actor Owen of 'Children of Men'CLIVE
90.3%
Stick toCLING
90.1%
A viewfinder on a rifleSCOPE
86.1%
Latex or tempera, e.g.PAINT
68.9%
Paul, e.g.SAINT
66.8%
Bilbo Baggins' daggerSTING
64.8%
A period of time spent at an activitySTINT
60.9%
m, in y = mx +bSLOPE
58.8%
(2,3) or (-1,7), e.g.POINT
54.6%

Today's Daily Dose

Missing Word
Top 10 Artists

Word Ladder
'70s Song II

On This Day
October 20th II

You're not logged in!

Compare scores with friends on all Sporcle quizzes.
Join for Free
OR
Log In

You Might Also Like...

Show Comments

Extras

Top Quizzes Today


Score Distribution

Your Account Isn't Verified!

In order to create a playlist on Sporcle, you need to verify the email address you used during registration. Go to your Sporcle Settings to finish the process.

Report this User

Report this user for behavior that violates our Community Guidelines.

Details: